| 000 -LEADER |
| fixed length control field |
03683cam a2200529 i 4500 |
| 001 - CONTROL NUMBER |
| control field |
21853452 |
| 003 - CONTROL NUMBER IDENTIFIER |
| control field |
NUST |
| 005 - DATE AND TIME OF LATEST TRANSACTION |
| control field |
20220825125847.0 |
| 008 - FIXED-LENGTH DATA ELEMENTS--GENERAL INFORMATION |
| fixed length control field |
201228t20192019caua 001 0 eng d |
| 010 ## - LIBRARY OF CONGRESS CONTROL NUMBER |
| LC control number |
2020304720 |
| 020 ## - INTERNATIONAL STANDARD BOOK NUMBER |
| International Standard Book Number |
9781984856579 |
| Qualifying information |
(hardcover) |
| 020 ## - INTERNATIONAL STANDARD BOOK NUMBER |
| International Standard Book Number |
198485657X |
| Qualifying information |
(hardcover) |
| 020 ## - INTERNATIONAL STANDARD BOOK NUMBER |
| International Standard Book Number |
9781984856562 |
| Qualifying information |
(paperback) |
| 020 ## - INTERNATIONAL STANDARD BOOK NUMBER |
| International Standard Book Number |
1984856561 |
| Qualifying information |
(paperback) |
| 035 ## - SYSTEM CONTROL NUMBER |
| System control number |
(OCoLC)on1111578805 |
| 038 ## - RECORD CONTENT LICENSOR |
| Staff Name |
Azhar |
| 040 ## - CATALOGING SOURCE |
| Original cataloging agency |
GCmBT |
| Language of cataloging |
eng |
| Transcribing agency |
PNX |
| Description conventions |
rda |
| Modifying agency |
OCLCO |
| -- |
JTH |
| -- |
IK2 |
| -- |
TCH |
| -- |
OCLCF |
| -- |
TCJ |
| -- |
LE# |
| -- |
DLC |
| 042 ## - AUTHENTICATION CODE |
| Authentication code |
lccopycat |
| 050 00 - LIBRARY OF CONGRESS CALL NUMBER |
| Classification number |
HF5382.7 |
| Item number |
.B642 2019 |
| 082 04 - DEWEY DECIMAL CLASSIFICATION NUMBER |
| Classification number |
331.128 |
| Edition number |
23 |
| Author Mark |
BOL |
| 100 1# - MAIN ENTRY--PERSONAL NAME |
| Personal name |
Bolles, Richard Nelson, |
| Relator term |
author. |
| 9 (RLIN) |
95309 |
| 245 10 - TITLE STATEMENT |
| Title |
What color is your parachute? 2020 : |
| Remainder of title |
a practical manual for job-hunters and career-changers |
| Statement of responsibility, etc. |
Richard N. Bolles. |
| 250 ## - EDITION STATEMENT |
| Edition statement |
Revised edition. |
| 260 ## - PUBLICATION, DISTRIBUTION, ETC. |
| Place of publication, distribution, etc. |
California ;New York : |
| Name of publisher, distributor, etc. |
Ten Speed Press, |
| Date of publication, distribution, etc. |
2019 |
| 264 #4 - PRODUCTION, PUBLICATION, DISTRIBUTION, MANUFACTURE, AND COPYRIGHT NOTICE |
| Date of production, publication, distribution, manufacture, or copyright notice |
©2019 |
| 300 ## - PHYSICAL DESCRIPTION |
| Extent |
311 pages : |
| Other physical details |
illustrations ; |
| Dimensions |
24 cm |
| 336 ## - CONTENT TYPE |
| Content type term |
text |
| Source |
rdacontent |
| 337 ## - MEDIA TYPE |
| Media type term |
unmediated |
| Source |
rdamedia |
| 338 ## - CARRIER TYPE |
| Carrier type term |
volume |
| Source |
rdacarrier |
| 500 ## - GENERAL NOTE |
| General note |
Includes index. |
| 505 0# - FORMATTED CONTENTS NOTE |
| Formatted contents note |
It's a whole new world for job-hunters -- There are more than ten million vacancies available each month -- The best and worst ways to look for jobs -- Self-inventory, part 1 -- Self-inventory, part 2 -- You get to choose where you work -- Google is your new (but not only) resume -- Sixteen tips about interviewing for a job -- The six secrets of salary negotiation -- How to deal with any challenges you have -- The five ways to choose/change careers -- How to start your own business. |
| 520 ## - SUMMARY, ETC. |
| Summary, etc. |
With more than 10 million copies sold in 28 countries, the world's most popular job-search book is updated for 2020, tailoring Richard Bolles's long-trusted guidance with up-to-the-minute information and advice for today's job-hunters and career-changers. What Color Is Your Parachute? is the world's most popular job-hunting guide, revised and updated annually with more than ten million copies sold. This newly streamlined edition features the latest resources, case studies, and perspectives on today's job market, revealing surprising advice on what works--and what doesn't--so you can focus your efforts on tactics that yield results. At its core is Richard N. Bolles's famed Flower Exercise, a unique self-inventory that helps you design your career--and your life--around your key passions, transferable skills, traits, and more. This practical manual also provides essential tips for writing impressive resumes and cover letters, networking effectively, interviewing with confidence, and negotiating the best salary possible. Whether you're searching for your first job, were recently laid off, or are dreaming of a career change, What Color Is Your Parachute? will guide you toward a fulfilling and prosperous life's work. |
| 650 #0 - SUBJECT ADDED ENTRY--TOPICAL TERM |
| Topical term or geographic name entry element |
Applications for positions. |
| 9 (RLIN) |
96563 |
| 650 #0 - SUBJECT ADDED ENTRY--TOPICAL TERM |
| Topical term or geographic name entry element |
Vocational guidance. |
| 9 (RLIN) |
4031 |
| 650 #0 - SUBJECT ADDED ENTRY--TOPICAL TERM |
| Topical term or geographic name entry element |
Career changes. |
| 9 (RLIN) |
96564 |
| 650 #0 - SUBJECT ADDED ENTRY--TOPICAL TERM |
| Topical term or geographic name entry element |
Job hunting. |
| 9 (RLIN) |
7917 |
| 650 #7 - SUBJECT ADDED ENTRY--TOPICAL TERM |
| Topical term or geographic name entry element |
BUSINESS & ECONOMICS / Careers / Job Hunting. |
| Source of heading or term |
bisacsh |
| 9 (RLIN) |
96565 |
| 650 #7 - SUBJECT ADDED ENTRY--TOPICAL TERM |
| Topical term or geographic name entry element |
BUSINESS & ECONOMICS / Careers / Resumes. |
| Source of heading or term |
bisacsh |
| 9 (RLIN) |
96566 |
| 650 #7 - SUBJECT ADDED ENTRY--TOPICAL TERM |
| Topical term or geographic name entry element |
SELF-HELP / Personal Growth / Success. |
| Source of heading or term |
bisacsh |
| 9 (RLIN) |
88937 |
| 650 #7 - SUBJECT ADDED ENTRY--TOPICAL TERM |
| Topical term or geographic name entry element |
Applications for positions. |
| Source of heading or term |
fast |
| Authority record control number or standard number |
(OCoLC)fst00811729 |
| 9 (RLIN) |
96563 |
| 650 #7 - SUBJECT ADDED ENTRY--TOPICAL TERM |
| Topical term or geographic name entry element |
Career changes. |
| Source of heading or term |
fast |
| Authority record control number or standard number |
(OCoLC)fst00847273 |
| 9 (RLIN) |
96564 |
| 650 #7 - SUBJECT ADDED ENTRY--TOPICAL TERM |
| Topical term or geographic name entry element |
Job hunting. |
| Source of heading or term |
fast |
| Authority record control number or standard number |
(OCoLC)fst00983693 |
| 9 (RLIN) |
7917 |
| 650 #7 - SUBJECT ADDED ENTRY--TOPICAL TERM |
| Topical term or geographic name entry element |
Vocational guidance. |
| Source of heading or term |
fast |
| Authority record control number or standard number |
(OCoLC)fst01168579 |
| 9 (RLIN) |
4031 |
| 906 ## - LOCAL DATA ELEMENT F, LDF (RLIN) |
| a |
7 |
| b |
cbc |
| c |
copycat |
| d |
2 |
| e |
ncip |
| f |
20 |
| g |
y-gencatlg |
| 942 ## - ADDED ENTRY ELEMENTS (KOHA) |
| Source of classification or shelving scheme |
|
| Koha item type |
Lincoln Corner |